[Event "Mistrzostwa Polski Juniorow do lat 16 - Chlopcy"]
[Site "Jastrzebia Gora"]
[Date "1899-12-30"]
[Round "1.1"]
[White "Kusiak, Mateusz"]
[Black "Klimkowski, Jan"]
[Result "0-1"]
[WhiteTitle "I++"]
[BlackTitle "FM"]
[WhiteElo "1909"]
[BlackElo "2481"]

1. Nf3 Nf6 2. c4 c5 3. Nc3 d5 4. cxd5 Nxd5 5. g3 Nc6 6. Nxd5 Qxd5 7. d3 e5 8. Bg2
Be7 9. O-O O-O 10. Be3 Qe6 11. Qc1 Nd4 12. Bxd4 exd4 13. b3 Bd7 14. Qb2 Rac8 15.
a3 a5 16. Nd2 Bc6 17. Bxc6 Rxc6 18. Nc4 Qh3 19. f3 h5 20. Rf2 b6 21. Qd2 Re6 22.
a4 Re8 23. Qe1 h4 24. Qf1 Qf5 25. g4 Qf4 26. Qc1 Bg5 27. Qxf4 Bxf4 28. Ra2 h3
29. Kh1 f6 30. Rc2 g6 31. Ra2 f5 32. gxf5 gxf5 33. Rc2 Kf7 34. Ra2 Kg6 35. Rc2
Kh5 36. Ra2 Kh4 37. Rc2 Rg8 38. Ra2 Reg6 39. Ra1 Rg2 40. Raf1 Be3 41. Rxg2 hxg2#
0-1

[Event "Mistrzostwa Polski Juniorow do lat 16 - Chlopcy"]
[Site "Jastrzebia Gora"]
[Date "1899-12-30"]
[Round "1.2"]
[White "Malek, Jan"]
[Black "Pancewicz, Szymon"]
[Result "1-0"]
[WhiteTitle "m"]
[BlackTitle "I+"]
[WhiteElo "2389"]
[BlackElo "1909"]

1. d4 d5 2. c4 e6 3. Nc3 Be7 4. cxd5 exd5 5. Qc2 c6 6. Bf4 g6 7. e4 dxe4 8. d5
cxd5 9. Nxd5 Qxd5 10. Qxc8+ Bd8 11. Rd1 Qa5+ 12. Bd2 Qb6 13. Bc3 f6 14. Bb5+ Qxb5
15. Rxd8+ Kf7 16. Qc7+ Ke6 17. Ne2 Kd5 1-0

[Event "Mistrzostwa Polski Juniorow do lat 16 - Chlopcy"]
[Site "Jastrzebia Gora"]
[Date "1899-12-30"]
[Round "1.3"]
[White "Nowak, Filip"]
[Black "Dziewonski, Dariusz"]
[Result "0-1"]
[WhiteTitle "I"]
[BlackTitle "k"]
[WhiteElo "1893"]
[BlackElo "2237"]

1. e4 e5 2. Nf3 Nc6 3. Bb5 a6 4. Ba4 Nf6 5. O-O b5 6. Bb3 Bc5 7. a4 Rb8 8. c3 d6
9. d4 Bb6 10. axb5 axb5 11. Na3 O-O 12. Nxb5 Bg4 13. Bc2 Bxf3 14. gxf3 exd4 15.
Nxd4 Nxd4 16. cxd4 Nh5 17. Kh1 Qf6 18. f4 Nxf4 19. Qf3 Ng6 20. Qxf6 gxf6 21. Be3
c5 22. dxc5 Bxc5 23. Bxc5 dxc5 24. b3 Rfd8 25. Ra5 Rbc8 26. Rd1 Rd4 27. Kg1 Nf4
28. Kf1 Ne6 29. f3 Kf8 30. Ke1 Rc7 31. Bd3 Rcd7 32. Be2 Rxd1+ 33. Bxd1 Rd3 34.
Rb5 Rd7 35. Be2 Ra7 36. Bc4 Ra2 37. Bxe6 fxe6 38. Rxc5 Rxh2 39. b4 Ke7 40. b5
Kd6 41. Rc6+ Ke5 42. f4+ Kxe4 43. Rxe6+ Kf5 44. Rc6 h5 45. b6 Rb2 46. Kf1 h4 47.
Kg1 Kg6 48. Kh1 Rb4 49. Kg2 Rxf4 50. b7 Rb4 51. Rc7 Rb3 52. Kh2 f5 53. Kg2 Kg5
54. Kf2 Kg4 55. Rg7+ Kf4 56. Rh7 Rb2+ 57. Kg1 Kg3 58. Rg7+ Kf3 59. Rh7 f4 60.
Rf7 Rb4 61. Re7 Rb1+ 62. Kh2 Kf2 63. Rf7 f3 64. Re7 Rb2 65. Kh3 Kf1 66. Kxh4 Kg2
67. Rg7+ Kh2 68. Rf7 Rb4+ 69. Kh5 Kg2 70. Rg7+ Kf1 71. Rf7 f2 72. Kh6 Rb5 73.
Kh7 Kg2 74. Rg7+ Kh3 75. Rf7 Rxb7 76. Rxb7 f1=Q 77. Rg7 Qf5+ 78. Kg8 Kh4 79. Rf7
Qd5 80. Kh8 Qd8+ 81. Kg7 Kg5 82. Kh7 Qd3+ 83. Kg7 Qg6+ 84. Kh8 Kh6 0-1

[Event "Mistrzostwa Polski Juniorow do lat 16 - Chlopcy"]
[Site "Jastrzebia Gora"]
[Date "1899-12-30"]
[Round "1.4"]
[White "Fiszer, Bartosz"]
[Black "Borowik, Wojciech"]
[Result "1-0"]
[WhiteTitle "CM"]
[BlackTitle "I++"]
[WhiteElo "2232"]
[BlackElo "1890"]

1. e4 c5 2. Nf3 g6 3. d4 cxd4 4. Nxd4 Nc6 5. c4 Nf6 6. Nc3 Nxd4 7. Qxd4 d6 8. Be2
Bg7 9. Be3 O-O 10. Qd2 a5 11. f3 a4 12. Kf2 Be6 13. Rac1 Nd7 14. Rhd1 Nc5 15.
Nb5 Qa5 16. Qxa5 Rxa5 17. Bd4 Rc8 18. Bxg7 Kxg7 19. Ke3 Bd7 20. f4 Bc6 21. Nc3
Ra6 22. g3 Rb6 23. Rc2 Rb4 24. Rd4 Rb8 25. e5 dxe5 26. fxe5 e6 27. Rd6 Kf8 28.
Kd4 Nd7 29. Rxd7 Bxd7 30. Kc5 Rxc4+ 31. Bxc4 Ke7 32. Kb4 Rc8 33. Nxa4 b5 34. Nb6
Rb8 35. Nxd7 1-0

[Event "Mistrzostwa Polski Juniorow do lat 16 - Chlopcy"]
[Site "Jastrzebia Gora"]
[Date "1899-12-30"]
[Round "1.5"]
[White "Przybylski, Bartosz"]
[Black "Janeczko, Jakub"]
[Result "0-1"]
[WhiteTitle "I"]
[BlackTitle "I++"]
[WhiteElo "1868"]
[BlackElo "2221"]

1. e4 c5 2. Nf3 Nc6 3. d4 cxd4 4. Nxd4 g6 5. Nc3 Bg7 6. Be3 Nf6 7. Bc4 O-O 8. Bb3
Re8 9. O-O d6 10. f3 Na5 11. Qd2 b6 12. Rad1 Bb7 13. Bh6 Bh8 14. Qe2 Nxb3 15.
cxb3 Qc7 16. Be3 Rad8 17. Rc1 Qb8 18. Bf2 e5 19. Nc2 d5 20. exd5 Nxd5 21. Nxd5
Rxd5 22. Nb4 Rd6 23. Bg3 Qd8 24. Rfd1 a5 25. Nc2 Ree6 26. Ne3 Rd4 27. Nc2 Rxd1+
28. Rxd1 Rd6 29. Rxd6 Qxd6 30. Ne3 Qc5 31. Bf2 e4 32. Nc4 Qg5 33. Bxb6 exf3 34.
Qe8+ Kg7 35. Bd4+ Kh6 36. Be3 Bd4 37. g3 Kh5 38. Kf1 Qf5 39. Bxd4 Qd3+ 40. Ke1
Be4 41. g4+ Kh4 0-1

[Event "Mistrzostwa Polski Juniorow do lat 16 - Chlopcy"]
[Site "Jastrzebia Gora"]
[Date "1899-12-30"]
[Round "1.6"]
[White "Raczek, Krzysztof"]
[Black "Grot, Blazej"]
[Result "1/2-1/2"]
[WhiteTitle "k"]
[BlackTitle "CM"]
[WhiteElo "2186"]
[BlackElo "1862"]

1. c4 Nf6 2. Nc3 g6 3. g3 Bg7 4. Bg2 c6 5. Nf3 d5 6. cxd5 cxd5 7. O-O O-O 8. d4
Nc6 9. b3 Ne4 10. Bb2 Bf5 11. e3 Nxc3 12. Bxc3 Qd7 13. Re1 Rac8 14. Qd2 Be4 15.
Rec1 Rc7 16. Bb2 Rfc8 17. Rc3 Bf6 18. Rac1 Qf5 19. Qe2 Qd7 20. Qd2 Qf5 21. Qd1
Qd7 22. a3 Na5 23. Nd2 Bxg2 24. Kxg2 Qd6 25. Qe2 Rxc3 26. Rxc3 Rxc3 27. Bxc3 Nc6
28. Qd3 Kg7 29. b4 e6 30. Nb3 b6 31. b5 Ne7 1/2-1/2

[Event "Mistrzostwa Polski Juniorow do lat 16 - Chlopcy"]
[Site "Jastrzebia Gora"]
[Date "1899-12-30"]
[Round "1.7"]
[White "Gbiorczyk, Mikolaj"]
[Black "Meers, Hubert"]
[Result "0-1"]
[WhiteTitle "I+"]
[BlackTitle "k"]
[WhiteElo "1853"]
[BlackElo "2150"]

1. e4 c5 2. Nf3 e6 3. d4 cxd4 4. Nxd4 a6 5. Bd3 Bc5 6. Nb3 Ba7 7. Qe2 Nc6 8. Be3
Nf6 9. Bxa7 Rxa7 10. O-O O-O 11. Nc3 d6 12. Rad1 b5 13. f4 Nd7 14. Qe3 Qb6 15.
Qxb6 Nxb6 16. Be2 Rd8 17. Nd4 Rc7 18. Nxc6 Rxc6 19. Rd4 Bb7 20. Rfd1 Kf8 21. Kf2
Ke7 22. Ke3 Rdc8 23. Kf2 e5 24. fxe5 dxe5 25. Rb4 Rf6+ 26. Ke3 Bc6 27. Rb3 Rg6
28. g3 Nd7 29. Nd5+ Bxd5 30. Rxd5 Rxc2 31. Rbd3 Rc7 32. Bh5 Rg5 33. g4 Nf6 34.
h4 Rxh5 35. gxh5 Nxd5+ 36. Rxd5 f6 37. Rd2 Rc1 38. Rg2 Kf7 39. Rh2 b4 40. Kd3
Rd1+ 41. Ke3 Ra1 42. b3 Rc1 43. Rd2 Rc3+ 44. Kf2 Ke7 45. Kg2 h6 46. Re2 Ke6 47.
Kh2 f5 48. exf5+ Kxf5 49. Rg2 Rc7 50. Rg6 a5 51. Kg1 Kf4 52. Kf1 Kf3 53. Ke1 e4
54. Kd2 e3+ 55. Kd3 Rd7+ 0-1

[Event "Mistrzostwa Polski Juniorow do lat 16 - Chlopcy"]
[Site "Jastrzebia Gora"]
[Date "1899-12-30"]
[Round "1.8"]
[White "Zalega, Maciej"]
[Black "Stanislawski, Karol"]
[Result "1-0"]
[WhiteTitle "I++"]
[BlackTitle "I"]
[WhiteElo "2140"]
[BlackElo "1844"]

1. e4 c5 2. Nf3 g6 3. c4 Bg7 4. d4 cxd4 5. Nxd4 Nc6 6. Be3 Nf6 7. Nc3 O-O 8. Be2
d6 9. O-O Nxd4 10. Bxd4 Bd7 11. Qd2 Bc6 12. f3 Nd7 13. Be3 a5 14. b3 Nc5 15. Rab1
e6 16. Rbd1 Be5 17. g3 h5 18. Nb5 Bxb5 19. cxb5 h4 20. f4 Bg7 21. Bf3 hxg3 22.
hxg3 e5 23. Qxd6 Qxd6 24. Rxd6 Ne6 25. f5 Rfd8 26. Rxd8+ Nxd8 27. fxg6 fxg6 28.
Be2 1-0

[Event "Mistrzostwa Polski Juniorow do lat 16 - Chlopcy"]
[Site "Jastrzebia Gora"]
[Date "1899-12-30"]
[Round "1.9"]
[White "Trzebinski, Patryk"]
[Black "Rog, Bartlomiej"]
[Result "0-1"]
[WhiteTitle "I++"]
[BlackTitle "k"]
[WhiteElo "1826"]
[BlackElo "2127"]

1. e4 Nc6 2. Nf3 d6 3. d4 Nf6 4. Nc3 Bg4 5. Be3 g6 6. Be2 Bg7 7. d5 Bxf3 8. gxf3
Nb8 9. Qd2 c6 10. Bh6 Bxh6 11. Qxh6 Qb6 12. O-O-O Qxf2 13. e5 dxe5 14. d6 Nbd7
15. dxe7 Qc5 16. Rhe1 Qxe7 17. Bc4 O-O-O 18. f4 e4 19. Qg7 Rhf8 20. Rd4 Qc5 21.
Red1 Qf5 22. Ne2 b5 23. Bb3 c5 24. Rd6 c4 25. Qh6 cxb3 26. axb3 Qh5 27. Qxh5 Nxh5
28. Nd4 Nb6 29. Nxb5 Rxd6 30. Nxd6+ Kc7 31. Nxe4 Nxf4 32. Rf1 Ne6 0-1

[Event "Mistrzostwa Polski Juniorow do lat 16 - Chlopcy"]
[Site "Jastrzebia Gora"]
[Date "1899-12-30"]
[Round "1.10"]
[White "Maslanka, Wojciech"]
[Black "Jaworski, Tymon"]
[Result "1-0"]
[WhiteTitle "k"]
[BlackTitle "I+"]
[WhiteElo "2090"]
[BlackElo "1825"]

1. e4 e6 2. d4 d5 3. Nd2 c5 4. exd5 Qxd5 5. Ngf3 cxd4 6. Bc4 Qd6 7. O-O Nf6 8.
Nb3 Nc6 9. Nbxd4 Nxd4 10. Nxd4 a6 11. Bb3 Be7 12. c3 e5 13. Nf3 Bg4 14. Qxd6 Bxd6
15. Nxe5 Bxe5 16. Re1 Nd7 17. f4 O-O 18. fxe5 Nc5 19. Bc2 Rfe8 20. Bg5 Rac8 21.
h3 Be6 22. Be3 Bc4 23. Bd4 Rc7 24. b3 Be6 25. c4 Nd7 26. Rac1 Rec8 27. Re3 b5
28. c5 b4 29. Bd3 a5 30. Ba6 Rd8 31. Bb5 Nb6 32. Bb2 Nd5 33. Rd3 Rdc8 34. Bd4
Rb8 35. Bc4 Ne7 36. Bf2 Ng6 37. Bxe6 fxe6 38. Rd6 Kf7 39. Ra6 Rb5 40. Rd1 h6 41.
Rb6 Rb7 42. Bd4 R7xb6 43. cxb6 Nf8 44. Rc1 Nd7 45. Rc7 Ke8 46. b7 Kd8 47. Rc8+
Ke7 48. Bc5+ Nxc5 49. b8=Q Rxb8 50. Rxb8 Kd7 51. Rb5 Nd3 52. Kf1 Kc6 1-0

[Event "Mistrzostwa Polski Juniorow do lat 16 - Chlopcy"]
[Site "Jastrzebia Gora"]
[Date "1899-12-30"]
[Round "1.11"]
[White "Musial, Igor"]
[Black "Klim, Filip"]
[Result "1-0"]
[WhiteTitle "I"]
[BlackTitle "k"]
[WhiteElo "1825"]
[BlackElo "2083"]

1. e4 c5 2. Nf3 d6 3. d4 cxd4 4. Nxd4 Nf6 5. Nc3 a6 6. f3 e5 7. Nb3 Be6 8. Be3
Be7 9. Qd2 O-O 10. O-O-O Nbd7 11. g4 b5 12. g5 Nh5 13. Nd5 Bxd5 14. exd5 f6 15.
gxf6 Bxf6 16. Na5 Qe8 17. Kb1 Bd8 18. Nc6 Bb6 19. Bd3 Rxf3 20. Bxb6 Nxb6 21. Qa5
Nd7 22. Rhf1 Rf6 23. Rxf6 Ndxf6 24. Qc7 e4 25. Bf1 e3 26. Re1 Nxd5 27. Qxd6 Ndf4
28. Ne7+ Kh8 29. Rxe3 Qf7 30. b3 h6 31. Bd3 Nxd3 32. Qxd3 Nf4 33. Qe4 Rd8 34.
Qxf4 Rd1+ 35. Kb2 Qe8 36. Qe4 Rd6 37. Nf5 1-0

[Event "Mistrzostwa Polski Juniorow do lat 16 - Chlopcy"]
[Site "Jastrzebia Gora"]
[Date "1899-12-30"]
[Round "1.13"]
[White "Wierzbicki, Dawid"]
[Black "Madej, Marek"]
[Result "0-1"]
[WhiteTitle "I"]
[BlackTitle "I++"]
[WhiteElo "1766"]
[BlackElo "2052"]

1. d4 Nf6 2. Nf3 e6 3. e3 d5 4. Be2 c5 5. O-O Be7 6. b3 O-O 7. dxc5 Bxc5 8. Bb2
Nbd7 9. c4 b6 10. Nbd2 Bb7 11. Rc1 Rc8 12. Bd3 Qe7 13. Re1 Ba3 14. Qc2 dxc4 15.
bxc4 Bxb2 16. Qxb2 Nc5 17. Bb1 Rfd8 18. Ne5 Nfd7 19. Nxd7 Rxd7 20. Nb3 Qg5 21.
f4 Qh5 22. Nxc5 Qxc5 23. Qc2 f5 24. Kf2 Rcd8 25. Rcd1 Qc6 26. e4 Qc5+ 27. Kf1
Ba6 28. g3 Bxc4+ 29. Kg2 fxe4 30. h4 g6 31. Kh2 e3 32. Rxd7 Rxd7 33. Qe4 Rd2+
34. Kh3 Qf5+ 0-1

[Event "Mistrzostwa Polski Juniorow do lat 16 - Chlopcy"]
[Site "Jastrzebia Gora"]
[Date "1899-12-30"]
[Round "1.14"]
[White "Starosciak, Szymon"]
[Black "Ptaszynski, Szymon"]
[Result "1/2-1/2"]
[WhiteTitle "I++"]
[BlackTitle "I"]
[WhiteElo "2037"]
[BlackElo "1764"]

1. e4 e5 2. Nf3 Nf6 3. d4 Nxe4 4. Bd3 d5 5. dxe5 Nc5 6. Nc3 c6 7. O-O Bg4 8. Be2
Bxf3 9. Bxf3 Be7 10. Re1 O-O 11. Ne2 Re8 12. b3 Nbd7 13. Nd4 Bg5 14. b4 Bxc1 15.
Rxc1 Ne6 16. Bg4 Nxd4 17. Qxd4 Nf8 18. f4 Qb6 19. Red1 Ne6 20. Bxe6 fxe6 21. a4
Rf8 22. a5 Qxd4+ 23. Rxd4 b5 24. axb6 axb6 25. c4 c5 26. Rd2 d4 27. g3 Ra3 28.
bxc5 bxc5 29. Rb2 Rfa8 30. Rb5 Rc3 31. Rxc3 dxc3 32. Rb1 Ra4 33. Rc1 Rxc4 34.
Kf2 h6 35. Ke3 g5 36. fxg5 hxg5 37. Kd3 Rd4+ 38. Ke3 Rd5 39. Ke4 Rd4+ 40. Ke3
Rd5 41. Ke4 Rd4+ 42. Ke3 1/2-1/2

[Event "Mistrzostwa Polski Juniorow do lat 16 - Chlopcy"]
[Site "Jastrzebia Gora"]
[Date "1899-12-30"]
[Round "1.15"]
[White "Stepinski, Piotr"]
[Black "Dylong, Antoni"]
[Result "1/2-1/2"]
[WhiteTitle "I"]
[BlackTitle "I+"]
[WhiteElo "1759"]
[BlackElo "2034"]

1. e4 e6 2. d4 d5 3. Nd2 Nf6 4. e5 Nfd7 5. f4 c5 6. c3 Qb6 7. Ndf3 Nc6 8. g3 cxd4
9. cxd4 Be7 10. Kf2 O-O 11. Kg2 f6 12. Bd3 f5 13. Ne2 Ndb8 14. Rg1 Bd7 15. Kh1
Kh8 16. g4 g6 17. Be3 Na6 18. h4 Rg8 19. Rg2 Qd8 20. Bf2 Qf8 21. Qd2 Nab4 22.
Bb1 Nd8 23. a3 Nbc6 24. Bc2 Nf7 25. Nh2 Nh6 26. Rag1 Nxg4 27. Nxg4 fxg4 28. Rxg4
Qf7 29. Qd3 Raf8 30. Qg3 Bd8 31. Be1 Ne7 32. Bb4 Nf5 1/2-1/2

[Event "Mistrzostwa Polski Juniorow do lat 16 - Chlopcy"]
[Site "Jastrzebia Gora"]
[Date "1899-12-30"]
[Round "1.16"]
[White "Kejna, Piotr"]
[Black "Szymkiewicz, Witold"]
[Result "1-0"]
[WhiteTitle "CM"]
[BlackTitle "I+"]
[WhiteElo "2027"]
[BlackElo "1754"]

1. e4 e6 2. Qe2 c5 3. Nf3 Nc6 4. g3 Be7 5. e5 d5 6. exd6 Bxd6 7. Bg2 Nf6 8. Nc3
O-O 9. d3 e5 10. h3 Re8 11. Bg5 h6 12. Bxf6 Qxf6 13. Ne4 Qd8 14. g4 Be6 15. c3
Be7 16. O-O Qb6 17. Ng3 Rad8 18. Rfd1 f6 19. Nh4 Rd7 20. Be4 Red8 21. b3 Bf8 22.
Ngf5 Bd5 23. Ne3 Ne7 24. Nxd5 Nxd5 25. Rac1 Nf4 26. Qf3 Qa6 27. Rc2 Qb5 28. Ng6
Nxg6 29. Bxg6 Qa6 30. Be4 b5 31. Qf5 g5 32. c4 b4 33. Qg6+ Bg7 34. Qh7+ Kf7 35.
Bd5+ Ke8 36. Qg8+ Bf8 37. Qg6+ Ke7 38. Qf7+ 1-0

[Event "Mistrzostwa Polski Juniorow do lat 16 - Chlopcy"]
[Site "Jastrzebia Gora"]
[Date "1899-12-30"]
[Round "1.17"]
[White "Lonski, Aleksander"]
[Black "Jaskiewicz, Kacper"]
[Result "1/2-1/2"]
[WhiteTitle "I"]
[BlackTitle "I+"]
[WhiteElo "1707"]
[BlackElo "2027"]

1. e4 c5 2. c4 Nc6 3. Nc3 e6 4. g3 g6 5. Bg2 Bg7 6. Nge2 Nge7 7. O-O O-O 8. d3
d6 9. Rb1 Rb8 10. a3 a5 11. Be3 e5 12. Qd2 Be6 13. f4 b6 14. b3 f5 15. h3 Qd7
16. Kh2 Rf7 17. Nd5 b5 18. Nxe7+ Rxe7 19. exf5 Bxf5 20. g4 Be6 21. f5 gxf5 22.
gxf5 Bxf5 23. Bxc6 Qxc6 24. Rxf5 d5 25. Rbf1 bxc4 26. bxc4 Reb7 27. Qe1 d4 28.
Bc1 e4 29. dxe4 Qxe4 30. Ng3 Rb2+ 31. Bxb2 Rxb2+ 32. Qf2 Rxf2+ 33. R1xf2 Qe7 34.
Re2 Qd7 35. Rd5 Qa4 36. Rd8+ Kf7 37. Rf2+ Ke7 38. Rd5 Qxc4 39. Re2+ Kf7 40. Rd7+
Kg6 41. Rd6+ Kf7 42. Rf2+ Ke8 43. Rf5 Qc2+ 44. Kh1 Qd3 45. Kg2 Qd2+ 46. Rf2 Qg5
47. Re2+ Kf7 48. Rd7+ Kf8 49. h4 Qg4 50. Rd5 d3 51. Rxd3 Bd4 52. Rf3+ Kg8 53.
Re8+ Kg7 54. Re4 Qd7 55. Nf5+ Kh8 56. Nxd4 cxd4 57. Rd3 Qd5 58. Rdxd4 Qa2+ 59.
Kg3 Qxa3+ 60. Kg4 Qc5 61. Rc4 h5+ 62. Kf4 Qd5 63. Rcd4 Qc5 1/2-1/2

[Event "Mistrzostwa Polski Juniorow do lat 16 - Chlopcy"]
[Site "Jastrzebia Gora"]
[Date "1899-12-30"]
[Round "1.18"]
[White "Demski, Michal"]
[Black "Murawski, Milosz"]
[Result "1-0"]
[WhiteTitle "I+"]
[BlackTitle "I"]
[WhiteElo "2009"]
[BlackElo "1691"]

1. e4 c5 2. Nf3 d6 3. c3 Nf6 4. Be2 Nc6 5. d4 cxd4 6. cxd4 e6 7. Nc3 d5 8. e5 Nd7
9. O-O Be7 10. Bd3 O-O 11. Qc2 f5 12. exf6 Nxf6 13. a3 Bd6 14. Bg5 h6 15. Bh4
Qb6 16. Rad1 Bd7 17. Bg3 Bxg3 18. hxg3 Be8 19. Na4 Qc7 20. Rfe1 Bf7 21. Ne5 Rac8
22. Nxf7 Rxf7 23. Bg6 Re7 24. b4 e5 25. dxe5 Nxe5 26. Qf5 Nxg6 27. Qxg6 Rce8 28.
Rxe7 Rxe7 29. Nc5 b6 30. Nd3 Qd7 31. Nf4 Re8 32. Qd3 Rd8 33. Qd4 Qf7 34. a4 Kh8
35. a5 bxa5 36. bxa5 Qc7 37. Ne6 Qxa5 38. Nxd8 Qxd8 39. Qxa7 Qe8 40. Qd4 Qh5 41.
Qd3 Qe5 42. Rc1 Qe4 43. Qxe4 Nxe4 44. Kf1 Kh7 45. Rc6 Nf6 46. Ke2 Kg6 47. Ke3
Kf5 48. Kd4 Ne4 49. g4+ Kf4 50. f3 Nf6 51. Rc7 h5 52. gxh5 Nxh5 53. g4 Ng3 54.
Rf7+ 1-0

[Event "Mistrzostwa Polski Juniorow do lat 16 - Chlopcy"]
[Site "Jastrzebia Gora"]
[Date "1899-12-30"]
[Round "1.19"]
[White "Skrzypinski, Jan"]
[Black "Kazmierowski, Tymon"]
[Result "1-0"]
[WhiteTitle "I"]
[BlackTitle "I++"]
[WhiteElo "1688"]
[BlackElo "1998"]

1. e4 c5 2. Nf3 d6 3. d4 cxd4 4. Nxd4 Nf6 5. Nc3 a6 6. Be2 e5 7. Nb3 Be7 8. Be3
Be6 9. Nd5 Nxd5 10. exd5 Bf5 11. O-O O-O 12. a4 a5 13. Nd2 Nd7 14. Ra3 Rc8 15.
Nc4 Nc5 16. Bxc5 Rxc5 17. Ne3 Bg6 18. c3 f5 19. b4 axb4 20. cxb4 Rc8 21. Qb3 f4
22. Nc4 e4 23. Bg4 f3 24. Ne3 fxg2 25. Nxg2 Bf5 26. Qh3 Bxg4 27. Qxg4 Rc4 28.
Rg3 g6 29. Nf4 Rf6 30. Ne6 Qb6 31. Ng5 Qxb4 32. Qd7 e3 33. Qxe7 Rxf2 34. Qxh7+
Kf8 35. Ne6+ 1-0

[Event "Mistrzostwa Polski Juniorow do lat 16 - Chlopcy"]
[Site "Jastrzebia Gora"]
[Date "1899-12-30"]
[Round "1.20"]
[White "Kubik, Rafal"]
[Black "Sliz, Karol"]
[Result "1/2-1/2"]
[WhiteTitle "I++"]
[BlackTitle "I"]
[WhiteElo "1995"]
[BlackElo "1672"]

1. e4 c6 2. Nf3 d5 3. Nc3 Bg4 4. h3 Bxf3 5. Qxf3 e6 6. d4 Nf6 7. exd5 cxd5 8. Bd3
Nc6 9. Ne2 a6 10. c3 Bd6 11. Bg5 h6 12. Bf4 Bxf4 13. Qxf4 Qb8 14. Qxb8+ Rxb8 15.
O-O O-O 16. Rfe1 Rfc8 17. Nc1 Na5 18. b4 Nc4 19. Nb3 Nb2 20. Re3 Nxd3 21. Rxd3
Ne4 22. Rc1 b6 23. f3 Nd6 24. a4 Kf8 25. Ra1 Rc6 26. a5 b5 27. Re1 Rbc8 28. Nc5
R8c7 29. Kf2 g6 30. g4 Kg7 31. Rdd1 Ra7 32. Re2 Nc8 33. Ke3 Ne7 34. Kd3 g5 35.
Kd2 Rac7 36. f4 Ng6 37. fxg5 hxg5 38. Rf1 Ra7 39. Re3 Rc8 40. Nd3 Rac7 41. Nc5
Ra7 42. Rh1 Rh8 43. Nd3 Rc7 44. Nc5 Ra7 45. Nd3 Rc7 46. Ne1 Nf4 47. Nd3 Nxd3 48.
Kxd3 1/2-1/2

[Event "Mistrzostwa Polski Juniorow do lat 16 - Chlopcy"]
[Site "Jastrzebia Gora"]
[Date "1899-12-30"]
[Round "1.21"]
[White "Marek, Grzegorz"]
[Black "Paszkowski, Krystian"]
[Result "1-0"]
[WhiteTitle "I"]
[BlackTitle "I++"]
[WhiteElo "1657"]
[BlackElo "1992"]

1. e4 c5 2. Nf3 Nc6 3. d4 cxd4 4. Nxd4 e5 5. Nb5 d6 6. c4 Be6 7. N5c3 Nf6 8. Bd3
Be7 9. O-O O-O 10. Nd5 Rc8 11. Nbc3 Bxd5 12. exd5 Nb8 13. Be3 b6 14. b4 a6 15.
a4 Qc7 16. h3 Nfd7 17. Qg4 Kh8 18. Rfc1 Qd8 19. a5 bxa5 20. Rxa5 g6 21. Qd1 f5
22. f3 Bf6 23. Qd2 Qe7 24. Ne2 Qf7 25. c5 Qxd5 26. c6 Qe6 27. cxd7 Qxd7 28. Ra2
Rxc1+ 29. Qxc1 Nc6 30. Bd2 Rb8 31. Qb1 d5 32. Rxa6 e4 33. Bc2 Bg7 34. Ba4 Qb7
35. Rxc6 Qa7+ 36. Kh1 Qxa4 37. Qc1 Qa8 38. Bc3 d4 39. Bxd4 Bxd4 40. Nxd4 exf3
41. Nxf3 1-0

[Event "Mistrzostwa Polski Juniorow do lat 16 - Chlopcy"]
[Site "Jastrzebia Gora"]
[Date "1899-12-30"]
[Round "1.22"]
[White "Krawczyk, Flawian"]
[Black "Ugorek, Kacper"]
[Result "1/2-1/2"]
[WhiteTitle "CM"]
[BlackTitle "I"]
[WhiteElo "1988"]
[BlackElo "1650"]

1. d4 Nf6 2. c4 e6 3. Nf3 d5 4. g3 dxc4 5. Bg2 a6 6. O-O Nc6 7. e3 Bd7 8. Qe2 b5
9. b3 cxb3 10. axb3 Be7 11. Bd2 O-O 12. Rc1 Nd5 13. Ne1 Ncb4 14. e4 Nb6 15. Nd3
Nxd3 16. Qxd3 Qb8 17. Ba5 Rc8 18. Nd2 Be8 19. Qe3 c6 20. Rc2 Qb7 21. Rac1 Rab8
22. Nf3 Nd7 23. h3 Ba3 24. Ra1 Be7 25. Rac1 Ba3 26. Ra1 Be7 27. b4 Nb6 28. Ne5
Na4 29. Nd3 Ra8 30. Nc5 Nxc5 31. dxc5 Bd8 32. Rd2 Bxa5 33. Rxa5 Rd8 34. Rda2 e5
35. f4 Rd4 36. Qc3 f6 37. fxe5 fxe5 38. h4 Bf7 39. Ra1 Be6 40. Qa3 Bc8 41. Rf1
Qe7 42. Kh2 Qe6 43. Qf3 Qe7 44. Qb3+ Be6 45. Qa3 Qb7 46. Ra1 Bc8 47. Rf1 Be6 1/2-1/2

[Event "Mistrzostwa Polski Juniorow do lat 16 - Chlopcy"]
[Site "Jastrzebia Gora"]
[Date "1899-12-30"]
[Round "1.23"]
[White "Wandor, Adam"]
[Black "Malinowski, Szymon"]
[Result "1/2-1/2"]
[WhiteTitle "II+"]
[BlackTitle "I++"]
[WhiteElo "1641"]
[BlackElo "1946"]

1. e4 c6 2. d4 d5 3. Nd2 dxe4 4. Nxe4 Bf5 5. Ng3 Bg6 6. h4 h6 7. Nf3 Nd7 8. h5
Bh7 9. Bd3 Bxd3 10. Qxd3 e6 11. Bf4 Qa5+ 12. Bd2 Qb6 13. O-O-O Ngf6 14. Be3 Qa5
15. Kb1 Bd6 16. Bd2 Qc7 17. Ne4 Nxe4 18. Qxe4 Nf6 19. Qe2 O-O-O 20. c3 Rhe8 21.
Ne5 Bxe5 22. dxe5 Nd7 23. Bf4 Nb6 24. c4 Qe7 25. Be3 Qb4 26. Bxb6 axb6 27. b3
Qc3 28. Qb2 Qb4 29. Kc1 b5 30. cxb5 Qxb5 31. Qc3 Qe2 32. Qa5 Qa6 33. Qxa6 bxa6
34. Rh4 Rxd1+ 35. Kxd1 Rd8+ 36. Ke2 Rd5 37. Re4 Kd7 38. f4 f6 39. Ke3 c5 40. Ra4
fxe5 41. Rxa6 exf4+ 42. Kxf4 Rf5+ 43. Ke4 Rg5 44. Kf3 1/2-1/2

[Event "Mistrzostwa Polski Juniorow do lat 16 - Chlopcy"]
[Site "Jastrzebia Gora"]
[Date "1899-12-30"]
[Round "1.24"]
[White "Brozynski, Patryk"]
[Black "Rozek, Michal"]
[Result "1/2-1/2"]
[WhiteTitle "II+"]
[BlackTitle "I"]
[WhiteElo "1910"]
[BlackElo "1591"]

1. e4 e5 2. Nf3 Nc6 3. d4 exd4 4. Nxd4 Nf6 5. Nxc6 bxc6 6. e5 Qe7 7. Qe2 Nd5 8.
b3 g6 9. g3 Bg7 10. Bb2 O-O 11. c4 Ba6 12. Bg2 Rfe8 13. O-O Bxe5 14. Qxe5 Qxe5
15. Bxe5 Rxe5 16. cxd5 Bxf1 17. Kxf1 cxd5 18. f4 Re3 19. Bxd5 Rae8 20. Na3 Re2
21. Bg2 Rd2 22. Nc4 Rc2 23. Bf3 c6 24. h4 d5 25. Ne5 Kg7 26. Re1 f6 27. Bd1 Rh2
28. Nd3 Rh1+ 29. Kf2 Rh2+ 30. Kf1 Rh1+ 31. Kf2 1/2-1/2

[Event "Mistrzostwa Polski Juniorow do lat 16 - Chlopcy"]
[Site "Jastrzebia Gora"]
[Date "1899-12-30"]
[Round "2.1"]
[White "Klimkowski, Jan"]
[Black "Maslanka, Wojciech"]
[Result "1-0"]
[WhiteTitle "FM"]
[BlackTitle "k"]
[WhiteElo "2481"]
[BlackElo "2090"]

1. d4 Nf6 2. c4 e6 3. Nc3 Bb4 4. f3 c5 5. d5 d6 6. e4 b5 7. Nge2 bxc4 8. Nf4 e5
9. Nfe2 Nbd7 10. h4 Nb6 11. g4 Nxg4 12. fxg4 Bxg4 13. Bg2 O-O 14. Qc2 f5 15. exf5
Bxf5 16. Be4 Bxe4 17. Qxe4 Qf6 18. Be3 Na4 19. O-O-O Nxc3 20. Nxc3 Bxc3 21. bxc3
Rab8 22. Kc2 Qf3 23. Qxf3 Rxf3 24. Rde1 Rbf8 25. Kd2 e4 26. Ke2 R8f5 27. Reg1
Rxd5 28. Rg4 Rf8 29. Rhg1 g6 30. Rxe4 Rb8 31. Bc1 Rd3 32. Rxc4 Rh3 33. Kd1 Rh2
34. Ra4 Rb7 35. Re1 Kf7 36. Re2 Rxe2 37. Kxe2 Ke6 38. Bf4 d5 39. Ra5 d4 40. c4
Rb2+ 41. Kf3 Rc2 42. Rxc5 Rxa2 43. Ke4 Rg2 44. Re5+ Kf6 45. Bg5+ Kf7 46. Re7+
Kg8 47. Kxd4 Rg4+ 48. Re4 1-0

[Event "Mistrzostwa Polski Juniorow do lat 16 - Chlopcy"]
[Site "Jastrzebia Gora"]
[Date "1899-12-30"]
[Round "2.2"]
[White "Rog, Bartlomiej"]
[Black "Malek, Jan"]
[Result "1-0"]
[WhiteTitle "k"]
[BlackTitle "m"]
[WhiteElo "2127"]
[BlackElo "2389"]

1. e4 e5 2. Nf3 Nc6 3. Bc4 Nf6 4. d3 Bc5 5. c3 O-O 6. O-O d5 7. exd5 Nxd5 8. h3
Nb6 9. Bb5 Bd6 10. Re1 Re8 11. a4 a6 12. Bxc6 bxc6 13. a5 Nd7 14. Nbd2 c5 15.
Nc4 Bb7 16. Ng5 Bd5 17. Ne3 Qxg5 18. Nxd5 Qg6 19. Qf3 Qe6 20. Ne3 g6 21. Nc4 f5
22. Bf4 e4 23. Qg3 Bxf4 24. Qxf4 Qd5 25. Ne3 Qc6 26. Rad1 Re6 27. Qg5 Rf8 28.
dxe4 Rxe4 29. Nc2 Nf6 30. Rxe4 Qxe4 31. Qd2 f4 32. Qd3 Rb8 33. b4 Qxd3 34. Rxd3
Ne4 35. Rd7 Nxc3 36. Rxc7 Rd8 37. Rxc5 Ne4 38. Rc4 Rd1+ 39. Kh2 Nd2 40. Rc8+ Kf7
41. h4 h5 42. g3 f3 43. Ne3 Re1 44. Rc3 Ne4 45. Nc2 Nxc3 46. Nxe1 Ke6 47. Nxf3
Kd5 48. Nd2 Kc6 49. Nc4 Kb5 50. Ne5 Kxb4 51. Nxg6 Kxa5 52. Ne5 Kb5 53. g4 hxg4
54. h5 Ne4 55. h6 Ng5 56. Kg3 a5 57. Kxg4 Nh7 58. Kf5 a4 59. Nd3 a3 60. Nc1 Kc4
61. Kg6 Nf8+ 62. Kg7 Ne6+ 63. Kg8 Ng5 64. f4 Ne4 65. Kg7 Ng3 66. h7 Ne2 67. h8=Q
1-0